000 00294nam a2200109Ia 4500
008 220204s9999 xx 000 0 und d
082 _a82-3
_bFER
100 _aFerman, Edward L
245 0 _aFinal stage: The ultimate science fiction anthology
260 _aNew York
_bPenguin
_c1975
942 _cBK
999 _c26246
_d26246